000 01336nam a2200373 i 4500
001 197055
003 ES-MaACL
005 20250811063216.0
008 250325s2013 sp a | |||| 000 0 spa
015 _aMON13
017 _aM 3107-2013
_bOficina Depósito Legal Madrid
020 _a9788499674766
035 _a(OCoLC)864211727
035 _a(SpMaBN)a5343703
040 _aSpMaBN
_bspa
_cES-MaACL
080 _a94(460=411.21)
100 1 _aMartos Rubio, Ana,
_d1943-
_9137518
_eaut
245 1 0 _aBreve historia de Al-Ándalus /
_cAna Martos Rubio.
250 _aMarzo 2013
260 _aMadrid :
_bNowtilus,
_c2013.
300 _a276 páginas :
_bilustrado, mapas ;
_c19 cm
336 _aTexto (visual)
_2isbdcontent
337 _asin mediación
_2isbdmedia
338 _2rdacarrier
_avolumen
490 1 _aBreve historia
504 _aBibliografía: páginas 273-276
651 4 _aAl-Andalus-
_xHistoria
_2embne
_97609
852 _aES-MaACL
_cDEPOJ
_jN-10383
_hDonación: José Lázaro García
_xEncuadernación rústica con solapas
_9206505
903 _9234219
_aLázaro García, José
_ednr
942 _cMONOGRAFIA
_n0
999 _c197055
_d197055